Kimya terimleri sözlüğü / (Record no. 15844)
[ view plain ]
| 000 -BAŞLIK | |
|---|---|
| Sabit Uzunlukta Kontrol Alanı | 00778nam a22002417a 4500 |
| 999 ## - SİSTEM KONTROL NUMARALARI (KOHA) | |
| Koha Biblionumber | 15844 |
| Koha Biblioitemnumber | 15844 |
| 003 - KONTROL NUMARASI IDENTIFIER | |
| Denetim Alanı | MIRAKIL |
| 005 - SON İŞLEM TARİHİ VE ZAMANI | |
| Denetim Alanı | 20240401125119.0 |
| 008 - SABİT-BOY VERİ ELEMANLARI - GENEL BİLGİLER | |
| Sabit Uzunlukta Kontrol Alanı | 240401b tu ||||| |||| 00| 0 tur d |
| 020 ## - ULUSLARARASI STANDART KİTAP NUMARASI | |
| Uluslararası Standart Kitap Numarası | 9789751621535 |
| 040 ## - KATALOGLAMA KAYNAK | |
| Orijinal Kataloglama Ajansı | TR-AnCHP |
| Metne Dönüştürmek Ajansı | TR-AnCHP |
| 041 ## - DİL KODU | |
| Metin / Ses Parça Veya Ayrı Başlığın Dil Kodu | tur |
| 082 ## - DEWEY ONLU SINIFLANDIRMA NUMARASI | |
| Sınıflandırma Numarası | 540.3 |
| Ürün Numarası | S65k 2009 |
| 100 ## - ANA GİRİŞ - KİŞİSEL İSİM | |
| Kişisel Ad | Somer, Güler |
| Adının Fuller Formu | Prof. Dr. |
| 245 10 - BAŞLIK TABLOSU | |
| Başlık | Kimya terimleri sözlüğü / |
| Sorumluluk Tablosu, Vb | Güler Somer, Ahmet Yaşar. |
| 260 ## - YAYIN, DAĞITIM, VB | |
| Yayın, Dağıtım, Vb Yeri | Ankara: |
| Yayıncı, Dağıtıcı, Vs Adı | Türk Dil Kurumu, |
| Yayın, Dağıtım, Vb Tarihi | 2009. |
| 300 ## - FİZİKSEL TANIM | |
| Kapsam | 477 s. ; |
| Boyutlar | 25 cm. |
| 490 0# - SERİSİ TABLOSU | |
| Seri Beyanı | Türk Dil Kurumu yayınları ; |
| Hacim / Ardışık Tanımı | 965. |
| 490 0# - SERİSİ TABLOSU | |
| Seri Beyanı | Terim sözlükleri dizisi ; |
| Hacim / Ardışık Tanımı | 5. |
| 504 ## - KAYNAKÇA VB NOT | |
| Kaynakça Vb Notu | Kaynakça: 475-477. ss |
| 650 #0 - KONU KATMA GİRİŞ - TOPİKAL DÖNEM | |
| 9 (RLIN) | 7931 |
| Topikal Süreli Veya Coğrafi Ad Giriş Elemanı | Kimya Sözlüğü |
| 856 ## - ELEKTRONİK YER VE ERİŞİM | |
| Kamu Notu | Dijital Nüshası için Partimizin Kütüphane Sorumlusu ile iletişime geçiniz. |
| 942 ## - EKLENDİ GİRİŞ ELEMANLARI (KOHA) | |
| Sınıflandırma Veya Raf Düzeni Kaynak | Dewey Decimal Classification |
| Koha Öğesi Türü | Books |
| Kalıcı Konum | Mevcut Konum | Edinme Tarihi | Toplam Check-Out'Lar | Tam Çağrı Numarası | Barkod | Tarih Son Görülme | İtibaren Geçerli Fiyatlar | Koha Öğesi Türü |
|---|---|---|---|---|---|---|---|---|
| CHP Kütüphanesi | CHP Kütüphanesi | 04/01/2024 | 540.3 S65k 2009 | 21795 | 04/01/2024 | 04/01/2024 | Books |
